Účtovná závierka za rok 2002 ...
Účtovná závierka za rok 2002 v jednoduchom účtovníctve pre fyzické osoby vykonávajúce podnikateľskú činnosť.
Na minha lista:
| Autor principal: | |
|---|---|
| Formato: | Capítulo de Livro |
| Idioma: | eslovaco |
| Assuntos: | |
| Tags: |
Sem tags, seja o primeiro a adicionar uma tag!
|
MARC
| LEADER | 00000naa a2200000 4500 | ||
|---|---|---|---|
| 001 | r048194 | ||
| 005 | 20230927071311.4 | ||
| 041 | 0 | |a slo | |
| 044 | |a SK | ||
| 245 | 1 | 0 | |a Účtovná závierka za rok 2002 ... |c Jozef Vanko |
| 520 | |a Účtovná závierka za rok 2002 v jednoduchom účtovníctve pre fyzické osoby vykonávajúce podnikateľskú činnosť. | ||
| 610 | 2 | 0 | |a osoby fyzické |
| 610 | 2 | 0 | |a podnikanie |
| 610 | 2 | 0 | |a závierka účtovná |
| 610 | 2 | 0 | |a účtovníctvo jednoduché |
| 100 | 1 | |a Vanko, Jozef | |